000 00959nam a22002897a 4500
003 OSt
005 20210818181741.0
008 170930s2014 sp gr 000 1 spa d
020 _a9788427202290
040 _bspa
041 _aspa
_heng
082 0 4 _a813
_bC712o
100 1 _950950
_aCollins, Suzanne
245 1 3 _aGregor
_bEl oscuro secreto
_cSuzanne Collins ; traducción de Diego de los Santos
250 _a3a. ed.
260 _aBarcelona
_bRBA Libros
_c2014
300 _a301 páginas
490 _aGregor
_v4
534 _pTitulo original:
_tGregor and the Marks of Secret
650 0 _921370
_aLiteratura Juvenil
650 0 _939168
_aHistorias de Aventuras
650 0 _924826
_aNovela Fantastica
650 0 _950951
_aNovela Fantástica Norteamericana
650 0 _950952
_aAnimales Fantásticos
_vLiteratura Juvenil
700 _950953
_aSantos, Diego de los
_etraductor
942 _2ddc
_h813 C712o
_k813
_mC712o
999 _c12280
_d12280